000 00437nam a2200169Ia 4500
008 230524s9999 xx 000 0 und d
020 _a9788195175550
082 _bXAV
100 _aC Xavier
_945112
245 0 _aFundamentals of Internet and Emerging Technologies
250 _a1
260 _aNew Delhi
_bNew Age Int.
_c2022
300 _a"xii,371p;"
500 _aQuantity Number: 1
650 _aComputer Science
942 _cBK
999 _c60727
_d60727